Congreso latinoamericano y segundo nacional de horticultura: resumenes

Gespeichert in:
Bibliographische Detailangaben
Format: Buch
Sprache:Spanisch
Veröffentlicht: Montevideo Dirección de Sanidad Vegetal 1988
Schlagworte:
Tags: Tag hinzufügen
Keine Tags, Fügen Sie den ersten Tag hinzu!

MARC

LEADER 00000nam a2200000 a 4500
001 UCR9134
003 CL-VaPUC
005 20220315074415.0
008 980613e19880000uy 1 spa d
082 0 4 |a 633.83  |b CON  |2 21 
245 1 0 |a Congreso latinoamericano y segundo nacional de horticultura: resumenes 
260 |a Montevideo  |b Dirección de Sanidad Vegetal  |c 1988 
300 |a 68 p 
583 |a last modification  |c 19980613 00:00:00  |k Rodrigo Vera 
650 0 0 |a Horticultura  |9 259721 
650 0 0 |a Hortalizas  |9 259501 
650 0 0 |a Cultivos  |9 264356 
650 0 7 |a PROTECCION  |2 CL-VaPUC  |9 618994 
650 0 0 |a Congresos  |9 257560 
942 |c BK 
945 |a mvenant  |d 19980613 00:00:00 
546 |a En Español 
518 |p Congreso Latinoamericano, 3, Montevideo, 1988 
518 |p Congreso Nacional de Horticultura, 2, Montevideo, 21-25 de noviembre de 1988 
999 |c 383196  |d 383194